[Event "Venice Autumn op 26th"]
[Site "Venice"]
[Date "2019.11.02"]
[Round "2"]
[White "Bordignon, Angelo"]
[Black "Mameli, Gianluca"]
[Result "0-1"]
[WhiteElo "2000"]
[BlackElo "2076"]
[PlyCount "66"]
[EventDate "2019.11.01"]
[EventType "swiss"]
[EventRounds "5"]
[EventCountry "ITA"]
[SourceTitle "CBM 192 Extra"]
[Source "Chessbase"]
[SourceDate "2019.11.06"]
[SourceVersion "1"]
[SourceVersionDate "2019.11.06"]
[SourceQuality "1"]

1. d4 Nf6 2. c4 e6 3. Nc3 Bb4 4. f3 Nc6 5. Bg5 d5 6. a3 Be7 7. e3 0-0 8. f4 dxc4 9. Bxc4 Nd5 10. Bxe7 Ncxe7 11. Qd2 Nf5 12. Nd1 Nf6 13. Nf3 b6 14. 0-0 Bb7 15. Bd3 Qe7 16. Qc2 Nd6 17. b4 Rfc8 18. Nd2 g6 19. e4 Nd7 20. Nb3 a5 21. bxa5 c5 22. e5 Nf5 23. dxc5 Nxc5 24. axb6 Nh4 25. Nxc5 Rxc5 26. Qe2 Ra4 27. Nb2 Rd4 28. Rf2 Qd8 29. Rd1 Qxb6 30. Nc4 Qb3 31. Nd6 Ba6 32. Rb1 Qxb1+ 33. Bxb1 Bxe2 0-1

[Event "Verona op-A"]
[Site "Verona"]
[Date "2019.01.03"]
[Round "3"]
[White "Oppici, Gabriele"]
[Black "Mameli, Gianluca"]
[Result "0-1"]
[WhiteElo "1967"]
[BlackElo "2080"]
[PlyCount "38"]
[EventDate "2019.01.02"]
[EventType "swiss"]
[EventRounds "7"]
[EventCountry "ITA"]
[SourceTitle "CBM 188 Extra"]
[Source "ChessBase"]
[SourceDate "2019.02.26"]
[SourceVersion "1"]
[SourceVersionDate "2019.02.26"]
[SourceQuality "1"]

1. Nf3 Nf6 2. g3 d6 3. Bg2 h6 4. Nc3 g5 5. d4 Bg7 6. e4 c6 7. e5 dxe5 8. Nxe5 Be6 9. 0-0 Nbd7 10. f4 Nxe5 11. fxe5 Nd7 12. Be3 Qc7 13. Qe2 0-0-0 14. d5 cxd5 15. Nb5 Qc4 16. Nxa7+ Kb8 17. Qd2 Nxe5 18. Bd4 Qxd4+ 19. Qxd4 Nf3+ 0-1

[Event "Verona op-A"]
[Site "Verona"]
[Date "2019.01.02"]
[Round "1"]
[White "Privitera, Franco"]
[Black "Mameli, Gianluca"]
[Result "0-1"]
[WhiteElo "1959"]
[BlackElo "2080"]
[PlyCount "92"]
[EventDate "2019.01.02"]
[EventType "swiss"]
[EventRounds "7"]
[EventCountry "ITA"]
[SourceTitle "CBM 188 Extra"]
[Source "ChessBase"]
[SourceDate "2019.02.26"]
[SourceVersion "1"]
[SourceVersionDate "2019.02.26"]
[SourceQuality "1"]

1. c4 f5 2. g3 Nf6 3. Bg2 e6 4. Nf3 Be7 5. d4 0-0 6. 0-0 d6 7. Nc3 Nbd7 8. Qc2 Nb6 9. b3 Nh5 10. Bb2 g5 11. e4 g4 12. Nd2 f4 13. f3 fxg3 14. fxg4 gxh2+ 15. Kxh2 Nf4 16. e5 d5 17. c5 Nd7 18. Nf3 Rf7 19. Ne2 Nxg2 20. Kxg2 Nf8 21. Nh2 Rg7 22. Nf4 Bd7 23. Nh5 Rg6 24. Rf3 Bb5 25. a4 Ba6 26. b4 Bc4 27. Kh1 Bg5 28. Rg1 Nd7 29. Rg2 Qe7 30. Rgf2 Rf8 31. Bc1 Rxf3 32. Rxf3 Bxc1 33. Qxc1 Qh4 34. Qf4 Qe7 35. Nf6+ Nxf6 36. exf6 Qf7 37. g5 h6 38. gxh6 Kh7 39. Qe5 Rxh6 40. Rg3 Rxf6 41. Ng4 Rf5 42. Rh3+ Kg6 43. Rh6+ Kg5 44. Qe3+ Rf4 45. Ne5 Qf5 46. Rg6+ Kh5 0-1

[Event "World Amateur-ch U2300"]
[Site "Cagliari"]
[Date "2018.04.27"]
[Round "7"]
[White "Singh, Arvinder Preet"]
[Black "Mameli, Gianluca"]
[Result "1-0"]
[WhiteElo "2084"]
[BlackElo "2015"]
[PlyCount "93"]
[EventDate "2018.04.22"]
[EventType "swiss"]
[EventRounds "9"]
[EventCountry "ITA"]
[SourceTitle "CBM 184 Extra"]
[Source "ChessBase"]
[SourceDate "2018.06.28"]
[SourceVersion "1"]
[SourceVersionDate "2018.06.28"]
[SourceQuality "1"]

1. e4 c6 2. d4 d5 3. exd5 cxd5 4. c4 Nf6 5. Nc3 dxc4 6. Bxc4 e6 7. Nf3 Be7 8. 0-0 0-0 9. Re1 Nc6 10. a3 Bd7 11. Qd3 Rc8 12. Ba2 Qa5 13. Bd2 Qh5 14. Ne2 a6 15. Nf4 Qb5 16. Qxb5 axb5 17. Nd3 b6 18. Rac1 Na5 19. Nde5 Rxc1 20. Rxc1 Rc8 21. b4 Rxc1+ 22. Bxc1 Nc6 23. Nxd7 Nxd7 24. d5 exd5 25. Bxd5 Na7 26. Kf1 Bf6 27. Ke2 Kf8 28. Kd3 Ke7 29. Bf4 Bb2 30. Kc2 Bf6 31. Bc7 Nc8 32. Bc6 Nd6 33. Kb3 Ne5 34. Nxe5 Bxe5 35. Bxb6 Bxh2 36. Bc5 Ke6 37. Bxd6 Kxd6 38. Bxb5 Bg1 39. f3 Kc7 40. Bd3 g6 41. a4 Kb6 42. a5+ Ka7 43. b5 Bf2 44. b6+ Kb7 45. Kb4 Kc6 46. Be4+ Kd6 47. Kb5 1-0

[Event "World Amateur-ch U2300"]
[Site "Cagliari"]
[Date "2018.04.25"]
[Round "5"]
[White "Bukojemski, Adam"]
[Black "Mameli, Gianluca"]
[Result "1/2-1/2"]
[WhiteElo "2194"]
[BlackElo "2015"]
[PlyCount "120"]
[EventDate "2018.04.22"]
[EventType "swiss"]
[EventRounds "9"]
[EventCountry "ITA"]
[SourceTitle "CBM 184 Extra"]
[Source "ChessBase"]
[SourceDate "2018.06.28"]
[SourceVersion "1"]
[SourceVersionDate "2018.06.28"]
[SourceQuality "1"]

1. e4 Nf6 2. e5 Nd5 3. d4 Nb6 4. c4 d6 5. exd6 cxd6 6. Nc3 g6 7. Be3 Bg7 8. Rc1 Nc6 9. b3 0-0 10. Be2 e5 11. dxe5 dxe5 12. Nf3 Bf5 13. c5 Nd7 14. Nb5 Qa5+ 15. Qd2 Qxd2+ 16. Nxd2 Nd4 17. g4 Nxe2 18. Kxe2 Bxg4+ 19. f3 Bh5 20. Nd6 Rab8 21. N2e4 f5 22. Ng3 Bxf3+ 23. Kxf3 f4 24. Rc4 fxe3+ 25. Kxe3 Nf6 26. Rd1 h5 27. h3 Nh7 28. Nge4 Bh6+ 29. Ke2 Rf4 30. Rg1 Kg7 31. c6 bxc6 32. Rxc6 g5 33. Rc7+ Kg6 34. Rxa7 Rb6 35. Re7 Ra6 36. a4 Rb6 37. Rg3 h4 38. Rc3 Nf6 39. Nxf6 Kxf6 40. Nc8 Ra6 41. Ra7 Rxa7 42. Nxa7 g4 43. hxg4 Re4+ 44. Kf3 Rf4+ 45. Kg2 Rxg4+ 46. Kh3 Kf5 47. Nb5 Rg1 48. Kxh4 Bf4 49. Nd6+ Ke6 50. Ne4 Kd5 51. Rc4 Be3 52. Nc3+ Ke6 53. Kh3 Kf5 54. Ne2 Rb1 55. b4 Rb3 56. Kg2 Ke6 57. b5 Kd5 58. Rc3 Rxc3 59. Nxc3+ Kc4 60. Kf3 Bb6 1/2-1/2

[Event "Sardegna Regional-ch"]
[Site "Cagliari"]
[Date "2015.06.01"]
[Round "3"]
[White "Sollai, Matteo"]
[Black "Mameli, Gianluca"]
[Result "0-1"]
[WhiteElo "1750"]
[BlackElo "1957"]
[PlyCount "96"]
[EventDate "2015.05.30"]
[EventType "swiss"]
[EventRounds "6"]
[EventCountry "ITA"]
[SourceTitle "EXT 2017"]
[Source "ChessBase"]
[SourceDate "2016.10.25"]
[SourceVersion "1"]
[SourceVersionDate "2016.10.25"]
[SourceQuality "1"]

1. e4 Nf6 2. Nc3 d5 3. exd5 Nxd5 4. Bc4 Nb6 5. Bb3 c5 6. d3 Nc6 7. Nf3 e6 8. Be3 Be7 9. Ne4 Nd4 10. Nfg5 Nxb3 11. axb3 f5 12. Nc3 f4 13. Bxf4 0-0 14. Qh5 h6 15. Nh3 Rf5 16. Qe2 Qd4 17. Be3 Qe5 18. 0-0-0 Bd7 19. f3 Qc7 20. g4 Rf7 21. g5 hxg5 22. Nxg5 Bxg5 23. Bxg5 Bc6 24. Ne4 Nd5 25. Rdf1 Qa5 26. Kb1 Raf8 27. Rhg1 Nb4 28. Nc3 Bd5 29. Qe5 Rf5 30. Qg3 Rxf3 31. Rxf3 Rxf3 32. Qg4 Rf7 33. Bf4 Qd8 34. h4 Qf6 35. Be3 b6 36. Nxd5 exd5 37. Bg5 Qf2 38. Qd1 Nxc2 39. h5 Ne3 40. Bxe3 Qxe3 41. Re1 Qf4 42. Qe2 Qf2 43. Qe6 Qf5 44. Qe2 c4 45. bxc4 dxc4 46. Kc2 cxd3+ 47. Qxd3 Rc7+ 48. Kd2 Rd7 0-1

[Event "Sardegna Regional-ch"]
[Site "Cagliari"]
[Date "2015.05.31"]
[Round "2"]
[White "Mameli, Gianluca"]
[Black "Murgia, Elio"]
[Result "1-0"]
[WhiteElo "1957"]
[BlackElo "1698"]
[PlyCount "135"]
[EventDate "2015.05.30"]
[EventType "swiss"]
[EventRounds "6"]
[EventCountry "ITA"]
[SourceTitle "EXT 2017"]
[Source "ChessBase"]
[SourceDate "2016.10.25"]
[SourceVersion "1"]
[SourceVersionDate "2016.10.25"]
[SourceQuality "1"]

1. e4 g6 2. Nf3 Bg7 3. d4 d6 4. Bc4 Nf6 5. Qe2 0-0 6. 0-0 Bg4 7. h3 Bxf3 8. Qxf3 Nbd7 9. Rd1 e5 10. c3 a6 11. Bg5 h6 12. Bh4 b5 13. Bb3 Qe8 14. Nd2 Kh7 15. a4 Nh5 16. axb5 axb5 17. Rxa8 Qxa8 18. Be7 Re8 19. Bxf7 Rxe7 20. Bxg6+ Kh8 21. Qxh5 exd4 22. cxd4 Qa4 23. b3 Qxd4 24. Qxb5 Be5 25. Qc4 Qb6 26. Nf3 d5 27. Rxd5 Qxg6 28. Rxd7 Rxd7 29. Nxe5 Rd1+ 30. Kh2 Qf6 31. Nf7+ Kg7 32. e5 Qxf2 33. Qg4+ Kxf7 34. e6+ Ke7 35. Qxd1 Qf4+ 36. g3 Qf2+ 37. Kh1 Kxe6 38. Qg4+ Ke7 39. Qe4+ Kd7 40. Qg2 Qe3 41. Qd5+ Kc8 42. Kh2 h5 43. h4 Qe2+ 44. Qg2 Qg4 45. Qa8+ Kd7 46. Qa4+ Qxa4 47. bxa4 c5 48. Kg2 Kc6 49. Kf2 Kb6 50. g4 hxg4 51. h5 c4 52. h6 c3 53. h7 c2 54. h8Q c1Q 55. Qb8+ Ka6 56. Qb5+ Ka7 57. a5 Qf4+ 58. Ke1 Qc1+ 59. Ke2 Qc2+ 60. Ke3 Qc3+ 61. Kf4 Qf3+ 62. Kg5 g3 63. Qb6+ Ka8 64. Qd8+ Kb7 65. Qd7+ Ka6 66. Qc7 Qd5+ 67. Kf4 g2 68. Qb6# 1-0

[Event "Torre delle Stelle op 1st"]
[Site "Sinnai"]
[Date "2011.06.25"]
[Round "6"]
[White "Mameli, Gianluca"]
[Black "De Rosa, Mariagrazia"]
[Result "0-1"]
[WhiteElo "1945"]
[BlackElo "2113"]
[PlyCount "42"]
[EventDate "2011.06.22"]
[EventType "swiss"]
[EventRounds "7"]
[EventCountry "ITA"]
[SourceTitle "EXT 2023"]
[Source "ChessBase"]
[SourceDate "2022.10.05"]
[SourceVersion "1"]
[SourceVersionDate "2022.10.05"]
[SourceQuality "1"]

1. e4 c5 2. Nf3 d6 3. b4 cxb4 4. d4 Nf6 5. Bd3 Nc6 6. 0-0 Bg4 7. Be3 e6 8. a3 bxa3 9. c4 Be7 10. Qa4 Bxf3 11. gxf3 0-0 12. Nxa3 e5 13. d5 Nd4 14. Bxd4 exd4 15. Rfb1 b6 16. Nb5 Nh5 17. Nxa7 Bf6 18. Qb3 Be5 19. Nc6 Qg5+ 20. Kh1 Nf4 21. Rg1 Rxa1 0-1

[Event "Torre delle Stelle op 1st"]
[Site "Sinnai"]
[Date "2011.06.23"]
[Round "3"]
[White "Zuccarelli, Angelo"]
[Black "Mameli, Gianluca"]
[Result "0-1"]
[WhiteElo "1897"]
[BlackElo "1945"]
[PlyCount "72"]
[EventDate "2011.06.22"]
[EventType "swiss"]
[EventRounds "7"]
[EventCountry "ITA"]
[SourceTitle "EXT 2023"]
[Source "ChessBase"]
[SourceDate "2022.10.05"]
[SourceVersion "1"]
[SourceVersionDate "2022.10.05"]
[SourceQuality "1"]

1. e4 e6 2. d4 d5 3. Nd2 Nf6 4. e5 Nfd7 5. Bd3 c5 6. c3 Nc6 7. Ne2 Qc7 8. f4 cxd4 9. cxd4 Nb4 10. Bb1 b5 11. a3 Nc6 12. 0-0 f6 13. Nf3 Be7 14. Bd3 Rb8 15. b3 a5 16. Bd2 Ba6 17. Qc2 Rc8 18. Rfc1 Qb6 19. Qd1 0-0 20. Qe1 Ndb8 21. Qg3 b4 22. Bxa6 Qxa6 23. Qe1 bxa3 24. Rc2 Nb4 25. Rxc8 Rxc8 26. Qd1 Nd3 27. Nc1 Nc6 28. Qe2 Ndb4 29. Rxa3 Qb6 30. Be3 Nc2 31. Ra4 N6b4 32. Kf2 Nxe3 33. Qxe3 Rxc1 34. Kg3 Rd1 35. Qe2 Rd3 36. Rxb4 Rxf3+ 0-1

[Event "Sardegna Region-ch"]
[Site "Sardara"]
[Date "2011.05.29"]
[Round "7"]
[White "Mameli, Gianluca"]
[Black "Boi, Fausto"]
[Result "1/2-1/2"]
[WhiteElo "1945"]
[BlackElo "1812"]
[PlyCount "157"]
[EventDate "2011.05.23"]
[EventType "swiss"]
[EventRounds "8"]
[EventCountry "ITA"]
[SourceTitle "EXT 2023"]
[Source "ChessBase"]
[SourceDate "2022.10.05"]
[SourceVersion "1"]
[SourceVersionDate "2022.10.05"]
[SourceQuality "1"]

1. e4 e6 2. Nf3 d6 3. d4 g6 4. Bg5 Ne7 5. Bf6 Rg8 6. Bc4 Nd7 7. Bh4 h6 8. Nc3 b6 9. Qe2 a6 10. 0-0 Bg7 11. Rad1 Bb7 12. d5 e5 13. Nd2 g5 14. Bg3 Ng6 15. a4 Nf4 16. Qe3 Nf8 17. f3 Qf6 18. Ne2 N8g6 19. Be1 Bc8 20. g3 Nxe2+ 21. Bxe2 Bh3 22. Rf2 Bd7 23. Qc3 Kd8 24. b3 h5 25. Nc4 Qe7 26. Ne3 h4 27. Nf5 Bxf5 28. exf5 hxg3 29. hxg3 Nf8 30. Qc6 Ra7 31. Qc4 Rh8 32. Bc3 Qf6 33. Qg4 Qh6 34. Rg2 Nd7 35. Bd2 Bf6 36. Be3 Ke7 37. a5 Raa8 38. axb6 cxb6 39. Qb4 Rab8 40. Kf2 a5 41. Qe4 Rbc8 42. Bb5 Nc5 43. Bxc5 bxc5 44. c4 Qf8 45. Ra1 Ra8 46. Qe1 Qd8 47. g4 Kf8 48. Ra4 Kg7 49. Ke3 Rh3 50. Ke4 Qc7 51. Rga2 Bd8 52. Qf1 Rh4 53. Qe1 Qe7 54. Bc6 Rb8 55. Bb5 Qf8 56. Qf2 Bc7 57. Qe1 Qh8 58. Qf2 Qh7 59. Re2 Rh8 60. Raa2 Rh1 61. Rad2 Qh3 62. Qg2 Qxg2 63. Rxg2 Re1+ 64. Rge2 Rxe2+ 65. Rxe2 Rh1 66. Re3 Bd8 67. Rd3 Kf6 68. Ba4 Re1+ 69. Re3 Rxe3+ 70. Kxe3 Be7 71. Ke4 Bf8 72. Bb5 Bg7 73. Kd3 Ke7 74. Ke4 Bf6 75. Kd3 e4+ 76. Kxe4 Bd4 77. Kd3 Kf6 78. Ke4 Bb2 79. Ba4 1/2-1/2